| 000 | 00692cam a2200193 4500 | ||
|---|---|---|---|
| 001 | WB3636-21 | ||
| 008 | 000000n2000 000 0 eng u | ||
| 035 | _a(Sirsi) u108299 | ||
| 245 | _aBuilders set for Turkish contracts | ||
| 260 | _c2000 | ||
| 490 |
_aFinancial Times _v 11 September 2000, 2(1) |
||
| 520 | _aThe Turkish government has issued a memorandum promising to use its 'best endeavours' to hire British companies to undertake major rebuilding programmes, following the devastating earthquake of 1999. | ||
| 590 | _aWB | ||
| 650 | _aTURKEY | ||
| 650 | _aBUILDING AND CONSTRUCTION-PROJECTS | ||
| 650 | _aRECONSTRUCTION WORK | ||
| 690 | _aINTERNATIONAL-EUROPE | ||
| 942 | _n0 | ||
| 999 |
_c64652 _d64652 |
||